| 000 | 00794nam a2200253Ia 4500 | ||
|---|---|---|---|
| 003 | OSt | ||
| 005 | 20221005030124.0 | ||
| 006 | a|||||r|||| 00| 0 | ||
| 007 | ta | ||
| 008 | 221004b |||||||| |||| 00| 0 eng d | ||
| 020 |
_a0521832160 (hbk) _c4396.56 |
||
| 024 | _a98951 | ||
| 037 |
_b047, 29/10/2009, Independent Publishers Group _cTextual |
||
| 040 |
_aCRL _cCRL _beng |
||
| 041 |
_2eng _aeng |
||
| 082 | _aO111:gL, P4 | ||
| 100 |
_aWilliam Deanne _9582408 |
||
| 245 | 0 | _aFrench fetish from Chaucer to Shakespear | |
| 260 |
_aCambridge _bCambridge University Press _c2004 |
||
| 300 |
_axiv,286p. _ccm. |
||
| 650 | _aENGLISH LITERATURE | ||
| 942 |
_hO111:gL, P4 _cTEXL _2cc |
||
| 999 |
_c935723 _d935723 |
||